Happy Feet (Record no. 16792)

MARC details
000 -LEADER
fixed length control field 01554ngm a2200325 4500
003 - CONTROL NUMBER IDENTIFIER
control field dpl
005 - DATE AND TIME OF LATEST TRANSACTION
control field 20080723110517.0
007 - PHYSICAL DESCRIPTION FIXED FIELD--GENERAL INFORMATION
fixed length control field DVD
008 - FIXED-LENGTH DATA ELEMENTS--GENERAL INFORMATION
fixed length control field ||||||sp199 xxu|||||c|||| 00| 0 eng d
010 ## - LIBRARY OF CONGRESS CONTROL NUMBER
LC control number DVD-000973-975
024 ## - OTHER STANDARD IDENTIFIER
Terms of availability 599.00
Standard number or code DA0170
035 ## - SYSTEM CONTROL NUMBER
System control number DVD-000973-975
040 ## - CATALOGING SOURCE
Original cataloging agency DPL
Transcribing agency DPL
082 ## - DEWEY DECIMAL CLASSIFICATION NUMBER
Classification number DVD / HAPP
245 ## - TITLE STATEMENT
Title Happy Feet
Statement of responsibility, etc Wariner Pictures Presents
Medium [videorecording] DVD/
246 ## - VARYING FORM OF TITLE
Title proper/short title .
260 ## - PUBLICATION, DISTRIBUTION, ETC. (IMPRINT)
Name of publisher, distributor, etc Sa Re Ga Ma Soul of India
300 ## - PHYSICAL DESCRIPTION
Extent 1 videodisc DVD; (109 min.)
Other physical details sd., col. ;
Dimensions 4 3/4 in.
Type of unit DVD
440 ## - SERIES STATEMENT/ADDED ENTRY--TITLE
Title Sa Re Ga Ma Home Entertainment
500 ## - GENERAL NOTE
General note This DVD is Copy Protected
500 ## - GENERAL NOTE
General note **** Not only the year's best animated movie its one of the years best period.
538 ## - SYSTEM DETAILS NOTE
Display text Language: Dolby Digital 5.1-English Subtitles: English, Spanish
538 ## - SYSTEM DETAILS NOTE
System details note Aspect Ratio: 2.35:1, Presentation type: Wide Screen Presentation Size 16x9
650 ## - SUBJECT ADDED ENTRY--TOPICAL TERM
Topical term or geographic name as entry element Animated Movie
942 ## - ADDED ENTRY ELEMENTS (KOHA)
Koha item type CD-ROMs, DVDs, VHS
Source of classification or shelving scheme Dewey Decimal Classification
Classification part DVD
Call number suffix HAPP
Holdings
Withdrawn status Lost status Source of classification or shelving scheme Damaged status Not for loan Home library Current library Date acquired Source of acquisition Cost, normal purchase price Total Checkouts Full call number Barcode Date last seen Date checked out Copy number Cost, replacement price Price effective from Koha item type Total Renewals
    Dewey Decimal Classification     Central Library Central Library 16/10/2008 Purchase 599.00 11 DVD HAPP DVD-000973 19/11/2009 07/11/2009 1 599.00 16/10/2008 CD-ROMs, DVDs, VHS  
    Dewey Decimal Classification     Patel Nagar Patel Nagar 16/10/2008 Purchase 599.00 22 DVD HAPP DVD-000975 27/05/2017 31/05/2014 1 599.00 16/10/2008 CD-ROMs, DVDs, VHS  
    Dewey Decimal Classification     Sarojini Nagar Sarojini Nagar 16/10/2008 Purchase 599.00 23 DVD HAPP DVD-000974 16/03/2012 11/06/2011 1 599.00 16/10/2008 CD-ROMs, DVDs, VHS 1

© Delhi Public Library
Hit Counter
free hit counter